[Event "II Open Magistrale"]
[Site "Castellaneta ITA"]
[Date "1998.09.01"]
[Round "5"]
[White "Ferraro, Francesco"]
[Black "De Fazio, Paolo"]
[Result "1-0"]
[WhiteElo "2080"]
[BlackElo "1965"]
[PlyCount "95"]
[EventDate "1998.08.30"]

1. d4 Nf6 2. Nf3 g6 3. Bf4 Bg7 4. e3 d6 5. Bc4 O-O 6. Nbd2 Nh5 7. Bg5 d5 8. Be2
c6 9. c3 Qc7 10. c4 dxc4 11. Nxc4 Bg4 12. O-O Bxf3 13. Bxf3 Nf6 14. Qb3 Nbd7
15. Bf4 Qc8 16. Rfc1 Re8 17. h3 Bf8 18. a4 Nb6 19. Nxb6 axb6 20. Qxb6 Ra6 21.
Qb3 Qa8 22. Qd1 e6 23. b3 Nd7 24. Be2 Ra7 25. Rab1 Nb6 26. Bc4 Qc8 27. Qf3 Qd7
28. Qg3 Rea8 29. Be5 Nxc4 30. Rxc4 b5 31. axb5 cxb5 32. Rc2 Qd5 33. Qf3 Qxf3
34. gxf3 Be7 35. Rc6 f6 36. Bd6 Bd8 37. Bc5 Ra1 38. Rxa1 Rxa1+ 39. Kg2 Kf7 40.
Rc8 Ba5 41. Ra8 Bc3 42. Rb8 Ra2 43. e4 Be1 44. d5 exd5 45. exd5 b4 46. Be3 Rb2
47. Rb7+ Kg8 48. d6 1-0

[Event "II Open Magistrale"]
[Site "Castellaneta ITA"]
[Date "1998.09.01"]
[Round "5"]
[White "Fiore, Mario"]
[Black "Quimi, Marco"]
[Result "1-0"]
[WhiteElo "2315"]
[BlackElo "2250"]
[PlyCount "53"]
[EventDate "1998.08.30"]

1. e4 c5 2. Nf3 Nc6 3. Bb5 g6 4. O-O Bg7 5. c3 Nf6 6. d4 O-O 7. d5 Nb8 8. e5
Ng4 9. Re1 d6 10. exd6 exd6 11. h3 Ne5 12. Nxe5 Bxe5 13. Bh6 Bg7 14. Bf4 a6 15.
Bf1 Qf6 16. Qd2 Qd8 17. a4 Qc7 18. Na3 b6 19. Nc4 Rd8 20. Nxd6 Qd7 21. Nc4 Qa7
22. a5 Nd7 23. Re7 Bf8 24. axb6 Qb7 25. Rae1 a5 26. Bc7 Bxe7 27. Rxe7 1-0

[Event "II Open Magistrale"]
[Site "Castellaneta ITA"]
[Date "1998.09.01"]
[Round "5"]
[White "Maccario, Mauro"]
[Black "Ferri, Stefano"]
[Result "1-0"]
[WhiteElo "1833"]
[BlackElo "2090"]
[PlyCount "92"]
[EventDate "1998.08.30"]

1. d4 Nf6 2. c4 e6 3. Nf3 c5 4. d5 exd5 5. cxd5 d6 6. Nc3 g6 7. g3 Bg7 8. Bg2
O-O 9. O-O a6 10. a4 b6 11. h3 Re8 12. Nd2 Nbd7 13. Nc4 Qc7 14. Bf4 Bf8 15. e4
Nh5 16. Be3 Rb8 17. Qd2 Ne5 18. Nxe5 dxe5 19. Ne2 Bd6 20. f4 f6 21. g4 exf4 22.
gxh5 fxe3 23. Qxe3 Be5 24. Qd2 b5 25. hxg6 hxg6 26. Rad1 Rb6 27. axb5 axb5 28.
Nf4 Kg7 29. Rf3 Bd4+ 30. Kh1 Rxe4 31. Rdf1 Be5 32. Nd3 Rd4 33. Qe2 Rxd5 34. Re3
Bb7 35. Nf4 Rd4 36. Nd3 Bxg2+ 37. Qxg2 Qd6 38. Nxe5 fxe5 39. Ref3 Rf4 40. Rxf4
exf4 41. Qe4 Qe6 42. Rxf4 Qxe4+ 43. Rxe4 Kf6 44. Kg2 Re6 45. Rf4+ Ke5 46. Rg4
Rf6 1-0

[Event "II Open Magistrale"]
[Site "Castellaneta ITA"]
[Date "1998.09.01"]
[Round "5"]
[White "Miezis, Normunds"]
[Black "Lagumina, Giulio"]
[Result "1-0"]
[WhiteElo "2515"]
[BlackElo "2305"]
[PlyCount "84"]
[EventDate "1998.08.30"]

1. c4 e6 2. e4 d5 3. exd5 exd5 4. d4 Bb4+ 5. Nc3 Qe7+ 6. Be2 dxc4 7. Nf3 Nf6 8.
O-O O-O 9. Bxc4 Bg4 10. Bg5 c6 11. h3 Bh5 12. Re1 Qd6 13. g4 Bg6 14. Ne5 Nd5
15. Qf3 Nd7 16. Nxd5 cxd5 17. Qxd5 Qxd5 18. Bxd5 Nb6 19. Bxb7 Rab8 20. Bc6 Bxe1
21. Rxe1 f6 22. Nxg6 hxg6 23. Bd2 Rfd8 24. Bc3 Rbc8 25. Bb5 Nd5 26. Ba5 Rd6 27.
Ba4 Kh7 28. Bb3 Nf4 29. Bc3 Nxh3+ 30. Kg2 Nf4+ 31. Kf3 g5 32. Bc2+ Kg8 33. Re7
Nd5 34. Bb3 Kf8 35. Rxa7 Nxc3 36. bxc3 Rxc3+ 37. Ke4 g6 38. Rf7+ Ke8 39. Rg7
Rc1 40. Rxg6 Re1+ 41. Kd3 Rf1 42. Ke2 Rg1 1-0

[Event "II Open Magistrale"]
[Site "Castellaneta ITA"]
[Date "1998.09.01"]
[Round "5"]
[White "Rausis, Igors"]
[Black "Ulibin, Mikhail"]
[Result "1/2-1/2"]
[WhiteElo "2535"]
[BlackElo "2555"]
[PlyCount "23"]
[EventDate "1998.08.30"]

1. Nf3 e6 2. c4 c5 3. g3 b6 4. Bg2 Bb7 5. O-O Nf6 6. Nc3 Be7 7. b3 O-O 8. d4
cxd4 9. Qxd4 d6 10. Ba3 Nc6 11. Qf4 d5 12. Bxe7 1/2-1/2

[Event "II Open Magistrale"]
[Site "Castellaneta ITA"]
[Date "1998.09.01"]
[Round "5"]
[White "Sabia, Corrado"]
[Black "Ambrosio, Giuseppe"]
[Result "1-0"]
[WhiteElo "1912"]
[BlackElo "2090"]
[PlyCount "91"]
[EventDate "1998.08.30"]

1. e4 c5 2. Nc3 Nc6 3. g3 g6 4. Bg2 Bg7 5. d3 e6 6. Nge2 Nge7 7. Bg5 h6 8. Be3
Nd4 9. Qd2 Nec6 10. O-O d6 11. Rab1 Qa5 12. f4 f5 13. g4 O-O 14. gxf5 gxf5 15.
Ng3 Kh7 16. Qf2 Bd7 17. a3 Qd8 18. exf5 Nxf5 19. Nxf5 exf5 20. Nd5 Ne7 21. Nxe7
Qxe7 22. Rfe1 Qf7 23. d4 cxd4 24. Bxd4 Rg8 25. Kh1 Bc6 26. Bxc6 bxc6 27. Bxg7
Rxg7 28. Qf3 d5 29. Rg1 Rag8 30. c3 Qe6 31. Rge1 Qg6 32. Qf2 Qg4 33. Rg1 Qxg1+
34. Rxg1 Rxg1+ 35. Qxg1 Rxg1+ 36. Kxg1 Kg6 37. Kf2 Kf6 38. Ke3 Ke6 39. Kd4 Kd6
40. b4 h5 41. h4 Ke6 42. Kc5 Kd7 43. b5 cxb5 44. Kxd5 Kc7 45. Ke5 Kc6 46. Kxf5
1-0

[Event "II Open Magistrale"]
[Site "Castellaneta ITA"]
[Date "1998.09.01"]
[Round "5"]
[White "Scerbo, Antonio"]
[Black "Pizzuto, Samuele Tullio"]
[Result "0-1"]
[WhiteElo "2160"]
[BlackElo "2090"]
[PlyCount "115"]
[EventDate "1998.08.30"]

1. d4 f5 2. c4 Nf6 3. Nc3 g6 4. g3 Bg7 5. Bg2 O-O 6. Nf3 d6 7. O-O Qe8 8. d5
Na6 9. Nd4 Bd7 10. Re1 c6 11. e4 fxe4 12. Nxe4 Nxe4 13. Bxe4 Nc5 14. Bg2 a5 15.
Bg5 Qf7 16. Qd2 e5 17. dxc6 bxc6 18. Nxc6 e4 19. Ne7+ Kh8 20. Bxe4 Nxe4 21.
Rxe4 Qf3 22. Qe2 Bg4 23. Qxf3 Bxf3 24. Re3 Bxb2 25. Rb1 Bd4 26. Bf4 Bxe3 27.
fxe3 Kg7 28. Bxd6 Rfd8 29. c5 Ra6 30. Kf2 Be4 31. Rd1 Kf7 32. Rd4 Ba8 33. Nd5
Bxd5 34. Rxd5 Re8 35. Kf3 Rc6 36. Kf4 h6 37. e4 Ra8 38. Rd2 Ra7 39. Rb2 Ke6 40.
Rb8 Rf7+ 41. Ke3 Ra6 42. Re8+ Kd7 43. Rh8 h5 44. Rg8 Rf6 45. e5 Rf1 46. Rxg6
Re1+ 47. Kd2 Re4 48. Kd3 Re1 49. Rh6 a4 50. Rxh5 a3 51. Rf5 Ra1 52. Rf2 Ra5 53.
Re2 Ke6 54. c6 Rd5+ 55. Kc3 Rc1+ 56. Rc2 Rcd1 57. c7 Kd7 58. Rf2 0-1

[Event "II Open Magistrale"]
[Site "Castellaneta ITA"]
[Date "1998.09.01"]
[Round "5"]
[White "Sibilio, Mario"]
[Black "Raineri, Valerio"]
[Result "1-0"]
[WhiteElo "2340"]
[BlackElo "1921"]
[PlyCount "49"]
[EventDate "1998.08.30"]

1. d4 Nf6 2. c4 g6 3. Nf3 Bg7 4. g3 O-O 5. Bg2 d6 6. O-O Nc6 7. Nc3 e5 8. h3 h6
9. Be3 Re8 10. Rc1 Nd7 11. dxe5 Ncxe5 12. b3 Nc6 13. Qd2 Kh7 14. Rfd1 Nf6 15.
g4 Rh8 16. g5 hxg5 17. Nxg5+ Kg8 18. c5 Bf8 19. cxd6 Bxd6 20. Nb5 Ne8 21. Bd5
Qe7 22. Bxf7+ Kg7 23. Nxd6 Nxd6 24. Rxc6 bxc6 25. Qc3+ 1-0

[Event "II Open Magistrale"]
[Site "Castellaneta ITA"]
[Date "1998.09.01"]
[Round "5"]
[White "Skembris, Spyridon"]
[Black "Sermek, Drazen"]
[Result "1/2-1/2"]
[WhiteElo "2480"]
[BlackElo "2550"]
[PlyCount "90"]
[EventDate "1998.08.30"]

1. d4 Nf6 2. Nf3 c5 3. d5 b5 4. Bg5 e6 5. e4 Qa5+ 6. Qd2 b4 7. Bxf6 gxf6 8. Bc4
Ba6 9. Qd3 Bxc4 10. Qxc4 Qa6 11. Nbd2 Qxc4 12. Nxc4 f5 13. exf5 exd5 14. Ne3 d4
15. Nd5 Bd6 16. a3 bxa3 17. Rxa3 Nc6 18. O-O Rb8 19. Nd2 c4 20. Ra4 Rb5 21.
Nf6+ Ke7 22. Nfe4 Bb4 23. c3 d5 24. Ra6 Rc8 25. cxb4 dxe4 26. Nxc4 Rxb4 27. Nd2
d3 28. Re1 Rxb2 29. Nxe4 Re2 30. Kf1 Nd4 31. Rxa7+ Kf8 32. Rxf7+ Kg8 33. Re7
Kf8 34. Rf7+ Kxf7 35. Nd6+ Kg7 36. f6+ Kxf6 37. Nxc8 Rc2 38. Nb6 d2 39. Nd5+
Kg5 40. f4+ Kh4 41. Rd1 Rc1 42. Ne3 Nc2 43. Nf5+ Kg4 44. Nh6+ Kh5 45. Ke2 Nd4+
1/2-1/2

[Event "II Open Magistrale"]
[Site "Castellaneta ITA"]
[Date "1998.09.01"]
[Round "5"]
[White "Vera Gonzalez-Quevedo, Reynaldo"]
[Black "Lalic, Bogdan"]
[Result "1/2-1/2"]
[WhiteElo "2530"]
[BlackElo "2560"]
[PlyCount "20"]
[EventDate "1998.08.30"]

1. e4 e5 2. Nf3 Nc6 3. Nc3 Nf6 4. g3 Bc5 5. Bg2 d6 6. O-O a6 7. d3 O-O 8. Be3
Bxe3 9. fxe3 Ne7 10. Nh4 c6 1/2-1/2

[Event "II Open Magistrale"]
[Site "Castellaneta ITA"]
[Date "1998.09.01"]
[Round "6"]
[White "Ambrosio, Giuseppe"]
[Black "Maccario, Mauro"]
[Result "1-0"]
[WhiteElo "2090"]
[BlackElo "1833"]
[PlyCount "39"]
[EventDate "1998.08.30"]

1. d4 d5 2. c4 e6 3. Nc3 Nf6 4. Nf3 Be7 5. e3 O-O 6. Bd3 c5 7. O-O Nc6 8. a3 b6
9. cxd5 exd5 10. dxc5 bxc5 11. b3 Bb7 12. Bb2 Re8 13. Rc1 Rc8 14. Bb1 Bf8 15.
Qd3 g6 16. Rfd1 Na5 17. Na4 Ne4 18. Nd2 Nc6 19. Nxe4 dxe4 20. Qc3 1-0

[Event "II Open Magistrale"]
[Site "Castellaneta ITA"]
[Date "1998.09.01"]
[Round "6"]
[White "De Fazio, Paolo"]
[Black "Ferri, Stefano"]
[Result "1/2-1/2"]
[WhiteElo "1965"]
[BlackElo "2090"]
[PlyCount "52"]
[EventDate "1998.08.30"]

1. e4 c5 2. Nc3 Nc6 3. g3 e6 4. Bg2 Be7 5. d3 Nf6 6. Nh3 d5 7. O-O d4 8. Ne2
Bd7 9. f4 Rc8 10. Nf2 b5 11. g4 g6 12. Ng3 h6 13. Qe2 e5 14. h3 a5 15. g5 Ng8
16. gxh6 Nxh6 17. f5 Qc7 18. Bxh6 Rxh6 19. Ng4 Rh8 20. fxg6 fxg6 21. Nf6+ Kd8
22. Nd5 Qd6 23. Rf3 Be6 24. Raf1 Rb8 25. Nxe7 Nxe7 26. Qd2 b4 1/2-1/2

[Event "II Open Magistrale"]
[Site "Castellaneta ITA"]
[Date "1998.09.01"]
[Round "6"]
[White "Fiore, Mario"]
[Black "Rausis, Igors"]
[Result "0-1"]
[WhiteElo "2315"]
[BlackElo "2535"]
[PlyCount "82"]
[EventDate "1998.08.30"]

1. e4 c6 2. d4 d5 3. e5 c5 4. dxc5 Nc6 5. Nc3 e6 6. Nf3 Bxc5 7. Bd3 Nge7 8. Bf4
a6 9. a3 Ng6 10. Bg3 Qc7 11. O-O h5 12. h4 Nge7 13. Qd2 Bd7 14. b4 Bb6 15. Ne2
g6 16. a4 Nf5 17. Bxf5 gxf5 18. b5 Na5 19. Qg5 Qc5 20. Ned4 Nc4 21. Rfe1 Qe7
22. Bf4 Qxg5 23. Bxg5 Ba5 24. Rec1 Bc3 25. Rab1 axb5 26. Nxb5 Bxb5 27. Rxb5
Nxe5 28. Nxe5 Bxe5 29. Rxb7 Rxa4 30. Re7+ Kf8 31. Rd7 Kg7 32. g3 Rc8 33. Re1
Re4 34. Rb1 Rec4 35. Rbb7 R8c7 36. Rdxc7 Bxc7 37. Rb2 f4 38. Kg2 fxg3 39. fxg3
Rc3 40. Bf4 Bxf4 41. gxf4 Kf6 0-1

[Event "II Open Magistrale"]
[Site "Castellaneta ITA"]
[Date "1998.09.01"]
[Round "6"]
[White "Indelicati, Giuseppe"]
[Black "De Bortoli, Peter"]
[Result "1/2-1/2"]
[WhiteElo "2022"]
[BlackElo "2215"]
[PlyCount "73"]
[EventDate "1998.08.30"]

1. e4 c5 2. c3 d5 3. exd5 Qxd5 4. d4 Nf6 5. Nf3 Bg4 6. Be2 e6 7. O-O Nc6 8. Be3
cxd4 9. cxd4 Be7 10. Nc3 Qd6 11. h3 Bh5 12. a3 O-O 13. b4 Rac8 14. Qd2 Rfd8 15.
Rfd1 Qd7 16. Rac1 Qe8 17. Qb2 Qf8 18. Ra1 Nd5 19. Nxd5 Rxd5 20. Qb3 Rcd8 21. g4
Bg6 22. b5 Na5 23. Qa4 b6 24. Ne5 Qe8 25. Nxg6 hxg6 26. Qc2 Bd6 27. h4 Bb8 28.
Kg2 Qd7 29. Qe4 Nb3 30. Rab1 f5 31. Qf3 Nxd4 32. Bxd4 Rxd4 33. Rxd4 Qxd4 34.
Rd1 Qf6 35. Rxd8+ Qxd8 36. Bc4 Qd6 37. gxf5 1/2-1/2

[Event "II Open Magistrale"]
[Site "Castellaneta ITA"]
[Date "1998.09.01"]
[Round "6"]
[White "Lagumina, Giulio"]
[Black "Sabia, Corrado"]
[Result "0-1"]
[WhiteElo "2305"]
[BlackElo "1912"]
[PlyCount "76"]
[EventDate "1998.08.30"]

1. d4 Nf6 2. Bg5 c5 3. Bxf6 gxf6 4. d5 Qb6 5. Qc1 f5 6. c4 e6 7. Nc3 Bg7 8. e3
Qa5 9. Bd3 b5 10. Nge2 Na6 11. cxb5 Nb4 12. Bc4 Bb7 13. O-O Nxd5 14. Bxd5 exd5
15. Rd1 O-O 16. Nxd5 Qxb5 17. Nec3 Qc4 18. Ne7+ Kh8 19. Nxf5 Qg4 20. Ng3 Bc6
21. Nd5 Rab8 22. Rb1 h5 23. h3 Qg5 24. Qxc5 Rb5 25. Qxa7 Rxd5 26. Rxd5 Qxd5 27.
e4 Qd3 28. Re1 Bd4 29. Qa3 Qxa3 30. bxa3 Re8 31. Nxh5 Rxe4 32. Rd1 Bc3 33. Rd3
Re1+ 34. Kh2 Be5+ 35. f4 Bc7 36. g4 Bb6 37. Nf6 Re2+ 38. Kg3 Bf2+ 0-1

[Event "II Open Magistrale"]
[Site "Castellaneta ITA"]
[Date "1998.09.01"]
[Round "6"]
[White "Patavia, Antonio"]
[Black "Scalcione, Michelangelo"]
[Result "0-1"]
[WhiteElo "2085"]
[BlackElo "1960"]
[PlyCount "66"]
[EventDate "1998.08.30"]

1. e4 e5 2. Nf3 d6 3. d4 exd4 4. Qxd4 Nf6 5. Bg5 Be7 6. Nc3 O-O 7. O-O-O Nc6 8.
Qd2 Be6 9. h3 a6 10. Bxf6 Bxf6 11. Nd5 Bxd5 12. exd5 Ne5 13. Nd4 c5 14. Nf5 Rc8
15. f4 Ng6 16. Kb1 c4 17. c3 Ne7 18. Nxe7+ Qxe7 19. Re1 Qc7 20. g4 g6 21. h4 b5
22. g5 Bg7 23. Bh3 Rb8 24. f5 gxf5 25. Bxf5 b4 26. Rc1 bxc3 27. Rxc3 Qa5 28.
Rc2 Rb4 29. a3 Qxa3 30. Rh3 Qa5 31. g6 hxg6 32. Qg5 Rfb8 33. Rhh2 Ra4 0-1

[Event "II Open Magistrale"]
[Site "Castellaneta ITA"]
[Date "1998.09.01"]
[Round "6"]
[White "Quimi, Marco"]
[Black "Castiglione, Umberto"]
[Result "1-0"]
[WhiteElo "2250"]
[BlackElo "2185"]
[PlyCount "61"]
[EventDate "1998.08.30"]

1. e4 c5 2. Nf3 d6 3. d4 cxd4 4. Nxd4 Nf6 5. Nc3 a6 6. Be2 e5 7. Nb3 Be7 8. O-O
O-O 9. a4 Be6 10. f4 exf4 11. Bxf4 Nc6 12. Kh1 Rc8 13. Nd4 Qd7 14. Bf3 Ne5 15.
Nxe6 Qxe6 16. Be2 Rfe8 17. Bg5 Rxc3 18. Bxf6 Rc5 19. Bxe7 Rxe7 20. b3 Rc3 21.
Rc1 Rec7 22. Qd2 Qg6 23. Bc4 R3xc4 24. bxc4 Rxc4 25. Rb1 Rxe4 26. Rxb7 h6 27.
h3 Rxa4 28. Rb6 Rc4 29. Rxd6 Rxc2 30. Qd5 Qg5 31. Qa8+ 1-0

[Event "II Open Magistrale"]
[Site "Castellaneta ITA"]
[Date "1998.09.01"]
[Round "6"]
[White "Scafarelli, Francesco"]
[Black "Campanile, Roberto"]
[Result "1-0"]
[WhiteElo "2295"]
[BlackElo "2065"]
[PlyCount "71"]
[EventDate "1998.08.30"]

1. d4 Nf6 2. c4 g6 3. g3 Bg7 4. Bg2 O-O 5. e4 d6 6. Ne2 e5 7. O-O c6 8. Nbc3
Na6 9. Rb1 exd4 10. Nxd4 Qb6 11. Nc2 Ng4 12. Bf4 Ne5 13. Be3 Qa5 14. b4 Qc7 15.
Bd4 Qe7 16. Ne3 Qe6 17. Ne2 Rd8 18. Qb3 Qe7 19. f4 Ng4 20. Bxg7 Kxg7 21. Nxg4
Bxg4 22. Nd4 Bd7 23. Qc3 Kg8 24. Rbe1 Re8 25. Nc2 Qf8 26. f5 Qg7 27. Qd2 Qe5
28. f6 Kh8 29. c5 Rad8 30. Qxd6 Qb2 31. Rf2 Re6 32. Qf4 Nxb4 33. Nxb4 Qxb4 34.
Rc1 Qd4 35. e5 Bc8 36. h4 1-0

[Event "II Open Magistrale"]
[Site "Castellaneta ITA"]
[Date "1998.09.01"]
[Round "6"]
[White "Sermek, Drazen"]
[Black "Vera Gonzalez-Quevedo, Reynaldo"]
[Result "1/2-1/2"]
[WhiteElo "2550"]
[BlackElo "2530"]
[PlyCount "86"]
[EventDate "1998.08.30"]

1. e4 c5 2. c3 d5 3. exd5 Qxd5 4. d4 Nf6 5. Nf3 Bg4 6. Be2 e6 7. Na3 Nc6 8. h3
Bh5 9. Be3 cxd4 10. Nb5 Qd7 11. Nbxd4 Bd6 12. Nb5 Bb8 13. Qxd7+ Nxd7 14. O-O-O
Ke7 15. g4 Bg6 16. Nfd4 Rc8 17. Nxc6+ bxc6 18. Nd4 a5 19. Rhe1 Nf6 20. Bf3 Nd5
21. Bg5+ Kf8 22. c4 h6 23. Bd2 Nb4 24. Bxb4+ axb4 25. Be4 Bxe4 26. Rxe4 Rxa2
27. Kc2 c5 28. Nb3 Ke7 29. f4 Ra6 30. f5 f6 31. Rd5 Rac6 32. fxe6 Be5 33. Rd7+
Kxe6 34. Rxg7 R6c7 35. Rxc7 Rxc7 36. Nc1 Kd6 37. Nd3 Re7 38. Re2 Bd4 39. Rxe7
Kxe7 40. Kd2 f5 41. Ke2 fxg4 42. hxg4 b3 43. Kf3 Kf6 1/2-1/2

[Event "II Open Magistrale"]
[Site "Castellaneta ITA"]
[Date "1998.09.01"]
[Round "6"]
[White "Ulibin, Mikhail"]
[Black "Miezis, Normunds"]
[Result "1/2-1/2"]
[WhiteElo "2555"]
[BlackElo "2515"]
[PlyCount "20"]
[EventDate "1998.08.30"]

1. d4 Nf6 2. c4 c5 3. d5 e6 4. Nc3 exd5 5. cxd5 Bd6 6. Nf3 Bc7 7. g3 d6 8. Bg2
O-O 9. O-O a6 10. a4 Re8 1/2-1/2

[Event "III Festival A"]
[Site "Cesenatico ITA"]
[Date "1998.08.30"]
[Round "1"]
[White "Delanoy, Arnaud"]
[Black "Ortega, Lexy"]
[Result "1-0"]
[WhiteElo "2105"]
[BlackElo "2490"]
[PlyCount "70"]
[EventDate "1998.08.30"]

1.e4 c5 2.Nf3 d6 3.d4 cxd4 4.Nxd4 Nf6 5.Nc3 a6 6.Bc4 e6 7.Bb3 Nbd7 8.Bg5 
Nc5 9.f4 h6 10.Bxf6 Qxf6 11.O-O g6 12.f5 Bg7 13.Nde2 exf5 14.Nd5 Qd8 15.
exf5 Bxf5 16.Rxf5 gxf5 17.Ng3 f4 18.Qe2+ Be5 19.Nf5 Ne6 20.Nde7 Nd4 21.Qh5
Nxb3 22.axb3 Qb6+ 23.Kh1 Qf2 24.Rd1 Rd8 25.Nd5 Rd7 26.Nxd6+ Bxd6 27.Nf6+ 
Ke7 28.Nxd7 Rg8 29.Qd5 Rg6 30.Qxb7 Ke8 31.Qc6 Ke7 32.Qe4+ Kxd7 33.Qxg6 Kd8
34.Qxf7 f3 35.Qxf3 Qh4 1-0

[Event "III Festival A"]
[Site "Cesenatico ITA"]
[Date "1998.08.30"]
[Round "1"]
[White "Drazic, Sinisa"]
[Black "Trumpf, Walter"]
[Result "1-0"]
[WhiteElo "2495"]
[BlackElo "2150"]
[PlyCount "85"]
[EventDate "1998.08.30"]

1.c4 Nf6 2.Nc3 g6 3.Nf3 Bg7 4.d4 O-O 5.Bg5 d6 6.e3 Bg4 7.h3 Bxf3 8.Qxf3 
Nbd7 9.O-O-O c5 10.Kb1 Qa5 11.h4 a6 12.h5 cxd4 13.Nd5 Nxd5 14.cxd5 Ne5 15.
Qh3 Rfc8 16.exd4 Qxd5 17.hxg6 Qe4+ 18.Ka1 Qg4 19.gxf7+ Kf8 20.Qh5 Qxh5 21.
Rxh5 Nxf7 22.Be3 h6 23.Bd3 b5 24.Kb1 Rc7 25.Bf5 Ng5 26.Rdh1 Kf7 27.d5 Rc4 
28.b3 Rc3 29.Rc1 Rxc1+ 30.Bxc1 e5 31.dxe6+ Nxe6 32.g4 Re8 33.Bxh6 Nd4 34.
Be3 Rh8 35.Rxh8 Bxh8 36.Bd3 Ke6 37.Kc1 Kd5 38.Bg6 Nf3 39.Kd1 Ne5 40.Bf5 
Nc6 41.Bc8 Nb8 42.Bb7+ Nc6 43.Kd2 1-0

[Event "III Festival A"]
[Site "Cesenatico ITA"]
[Date "1998.08.30"]
[Round "1"]
[White "Gaiba, Paolo"]
[Black "Drei, Andrea"]
[Result "1-0"]
[WhiteElo "2090"]
[BlackElo "2340"]
[PlyCount "95"]
[EventDate "1998.08.30"]

1.e4 c5 2.d4 cxd4 3.c3 dxc3 4.Nxc3 Nc6 5.Bc4 d6 6.Nf3 e6 7.O-O Nf6 8.Qe2 
Be7 9.Rd1 e5 10.h3 O-O 11.Be3 Be6 12.Rd2 Rc8 13.Bb5 Qa5 14.Rad1 a6 15.Bd3 
h6 16.Bb1 Nb8 17.Nh4 Nbd7 18.Qf3 Nh7 19.Nf5 Bxf5 20.exf5 Nhf6 21.Qxb7 Rc7 
22.Qf3 Rfc8 23.a3 Rxc3 24.bxc3 e4 25.Bxe4 Ne5 26.Qf4 Nh5 27.Qh2 Nc4 28.Re2
Qa4 29.Bc2 Qxa3 30.g4 Ne5 31.Qg2 Nf6 32.Bd4 Rxc3 33.Bxc3 Qxc3 34.Be4 Qc4 
35.Rde1 Bf8 36.Re3 Qb4 37.Bb1 Qc5 38.Ba2 Qc2 39.Bb3 Qc5 40.Qb7 Ned7 41.
Qxa6 d5 42.Rd1 d4 43.Bxf7+ Kh8 44.Re6 Ne5 45.Rxf6 gxf6 46.Qxf6+ Bg7 47.
Qd8+ Bf8 48.Bd5 1-0

[Event "III Festival A"]
[Site "Cesenatico ITA"]
[Date "1998.08.30"]
[Round "1"]
[White "Kluss, Kai"]
[Black "Rotstein, Arkadij"]
[Result "0-1"]
[WhiteElo "2170"]
[BlackElo "2515"]
[PlyCount "88"]
[EventDate "1998.08.30"]

1.d4 Nf6 2.c4 e6 3.Nc3 Bb4 4.e3 c5 5.Bd3 Nc6 6.a3 Bxc3+ 7.bxc3 d6 8.Ne2 
O-O 9.e4 Ne8 10.e5 cxd4 11.cxd4 dxe5 12.dxe5 Qa5+ 13.Bd2 Qxe5 14.Rb1 Qc7 
15.O-O Nf6 16.f4 Rd8 17.Qc2 Qd6 18.Rb3 b6 19.Be1 Bb7 20.Bh4 Nd4 21.Nxd4 
Qxd4+ 22.Kh1 h6 23.Bf2 Qd6 24.Bh4 Rac8 25.Bxf6 gxf6 26.Be4 Bxe4 27.Qxe4 f5
28.Qe2 Qd4 29.Rg3+ Kf8 30.Qh5 Qf6 31.Qe2 Rd4 32.c5 Rxc5 33.Qa6 Rc7 34.h3 
Rd2 35.a4 Qd4 36.Rgf3 h5 37.a5 Ra2 38.Rg3 h4 39.Rg5 Qd5 40.Rg1 b5 41.Rh5 
Rac2 42.Rh8+ Kg7 43.Rb8 R7c3 44.Kh2 Qf3 0-1

[Event "III Festival A"]
[Site "Cesenatico ITA"]
[Date "1998.08.30"]
[Round "1"]
[White "Lagrotteria, Salvatore"]
[Black "Cesarini, Lanfranco"]
[Result "1-0"]
[WhiteElo "2180"]
[BlackElo "1903"]
[PlyCount "117"]
[EventDate "1998.08.30"]

1.Nf3 d5 2.d4 Nf6 3.c4 dxc4 4.Qa4+ c6 5.Qxc4 Nbd7 6.Nc3 Nb6 7.Qb3 Bf5 8.e3
e6 9.Be2 h6 10.Bd2 Bd6 11.O-O O-O 12.h3 Rb8 13.Rfe1 Ne4 14.Nxe4 Bxe4 15.
Bb4 Nd5 16.Bxd6 Qxd6 17.a3 Bg6 18.Ne5 Bh7 19.Rac1 Nf6 20.Qa4 Ra8 21.Nc4 
Qe7 22.Qa5 Ne4 23.Bf3 Ng5 24.Be2 Ne4 25.Bf1 Kh8 26.Ne5 Nf6 27.b4 a6 28.Bd3
Bxd3 29.Nxd3 Qd8 30.Qc5 Nd7 31.Qc3 Qg5 32.a4 Rfc8 33.e4 Qe7 34.Re3 Nf6 35.
Rce1 Rc7 36.Qb2 Rd8 37.Ne5 Nd7 38.Nf3 Nf6 39.b5 cxb5 40.axb5 axb5 41.Qxb5 
Ne8 42.d5 Nd6 43.Qb3 e5 44.Rc3 Rdc8 45.Rxc7 Rxc7 46.Qb2 Nc4 47.Qa1 b5 48.
Rb1 Na3 49.Rb3 b4 50.Qxe5 Rc1+ 51.Kh2 Qa7 52.Rxb4 Kh7 53.d6 Nc4 54.Qf5+ g6
55.Qf6 Nb6 56.Rxb6 Qxb6 57.Qxf7+ Kh8 58.Qf6+ Kh7 59.Ne5 1-0

[Event "III Festival A"]
[Site "Cesenatico ITA"]
[Date "1998.08.30"]
[Round "1"]
[White "Lazzarato, Alberto"]
[Black "Yeuillaz, Corrado"]
[Result "1-0"]
[WhiteElo "2048"]
[BlackElo "2235"]
[PlyCount "81"]
[EventDate "1998.08.30"]

1.e4 e6 2.d4 d5 3.Nd2 Nf6 4.e5 Nfd7 5.f4 c5 6.c3 Nc6 7.Ndf3 Qb6 8.g3 cxd4 
9.cxd4 Bb4+ 10.Kf2 O-O 11.Kg2 f6 12.Bd3 Be7 13.Ne2 Rf7 14.a3 Nf8 15.b4 Kh8
16.Qd2 a6 17.Bb2 Qd8 18.g4 Bd7 19.h4 b5 20.exf6 gxf6 21.Ng3 Bd6 22.g5 Qc7 
23.Nh5 f5 24.Ne5 Re7 25.Nf6 Be8 26.Rac1 Qb6 27.Nxe8 Bxe5 28.dxe5 Raxe8 29.
Rhd1 Rc8 30.Rc2 Qd8 31.Rdc1 Rec7 32.Kg3 Kg7 33.Be2 Nd7 34.a4 Na7 35.Bd4 
Rxc2 36.Rxc2 Nb6 37.a5 Nc4 38.Bxc4 Rxc4 39.Bxa7 Qc7 40.Bc5 Rxc2 41.Qxc2 
1-0

[Event "III Festival A"]
[Site "Cesenatico ITA"]
[Date "1998.08.30"]
[Round "1"]
[White "Maio, Matteo"]
[Black "Collutiis, Duilio"]
[Result "0-1"]
[WhiteElo "1882"]
[BlackElo "2185"]
[PlyCount "88"]
[EventDate "1998.08.30"]

1.e4 c5 2.Nf3 Nc6 3.d4 cxd4 4.Nxd4 Nf6 5.Nc3 d6 6.Be2 Nxd4 7.Qxd4 g6 8.Be3
Bg7 9.f3 O-O 10.Qd2 Bd7 11.Bh6 Bxh6 12.Qxh6 Qa5 13.Qe3 b5 14.O-O b4 15.Nd1
Rfc8 16.c4 bxc3 17.Nxc3 Rab8 18.Rfb1 Be6 19.a3 Bb3 20.Bd1 Bxd1 21.Nxd1 Rb3
22.Nc3 Rcb8 23.Qd4 Kg7 24.Na2 Qb6 25.Qxb6 R8xb6 26.Rc1 Rxb2 27.Nb4 e6 28.
Rc7 a5 29.Nd3 Rb1+ 30.Rxb1 Rxb1+ 31.Kf2 Rb3 32.Nf4 Kf8 33.g4 g5 34.Rc8+ 
Kg7 35.Ne2 Rxa3 36.Rc6 d5 37.exd5 Nxd5 38.Rc5 Ra2 39.Ke1 a4 40.Nc3 Nxc3 
41.Rxc3 Rxh2 42.Ra3 h5 43.Rxa4 h4 44.f4 h3 0-1

[Event "III Festival A"]
[Site "Cesenatico ITA"]
[Date "1998.08.30"]
[Round "1"]
[White "Mastroddi, Fabio"]
[Black "Gori, Andrea"]
[Result "1/2-1/2"]
[WhiteElo "1915"]
[BlackElo "2205"]
[PlyCount "60"]
[EventDate "1998.08.30"]

1.d4 d6 2.e4 g6 3.Bc4 Bg7 4.Nc3 c6 5.a4 Nf6 6.Bg5 Qa5 7.Qd2 b5 8.Bxf6 Bxf6
9.Nxb5 Qxd2+ 10.Kxd2 Na6 11.Nc3 Bxd4 12.Nge2 Bg7 13.f4 Nc5 14.Rab1 f5 15.
exf5 Bxf5 16.b4 Ne4+ 17.Nxe4 Bxe4 18.Rhg1 Rf8 19.Bd3 Bxd3 20.Kxd3 e5 21.
Rgf1 Kd7 22.c4 a6 23.g3 Rab8 24.fxe5 Bxe5 25.Rxf8 Rxf8 26.Ke3 Re8 27.Kd3 
Rf8 28.Ke3 Re8 29.Kd3 Rf8 30.Ke3 Re8 1/2-1/2

[Event "III Festival A"]
[Site "Cesenatico ITA"]
[Date "1998.08.30"]
[Round "1"]
[White "Naumkin, Igor"]
[Black "Cadelli, Luciano"]
[Result "1-0"]
[WhiteElo "2475"]
[BlackElo "2125"]
[PlyCount "33"]
[EventDate "1998.08.30"]

1.d4 d5 2.c4 e6 3.Nc3 Nf6 4.Nf3 Be7 5.Bg5 Nbd7 6.e3 c6 7.Rc1 O-O 8.Bd3 
dxc4 9.Bxc4 b5 10.Bb3 a6 11.O-O Bb7 12.Qe2 c5 13.Rfd1 cxd4 14.exd4 Nb6 15.
Ne5 Rc8 16.a3 Re8 17.Nxf7 1-0

[Event "III Festival A"]
[Site "Cesenatico ITA"]
[Date "1998.08.30"]
[Round "1"]
[White "Pozzi, Enrico"]
[Black "Vicari, Luigi"]
[Result "1-0"]
[WhiteElo "2245"]
[BlackElo "2090"]
[PlyCount "79"]
[EventDate "1998.08.30"]

1.e4 e5 2.Nf3 d6 3.d4 exd4 4.Bc4 Be7 5.Nxd4 Nf6 6.Nc3 O-O 7.O-O Nbd7 8.Re1
Nb6 9.Bf1 c5 10.Nde2 d5 11.exd5 Nbxd5 12.Nxd5 Nxd5 13.Nf4 Nxf4 14.Bxf4 Be6
15.Bd3 Qb6 16.Be5 c4 17.Bxc4 Bc5 18.Rf1 Bxc4 19.Qg4 Qg6 20.Qxc4 Rac8 21.
Qb3 Rfe8 22.Rae1 Qf5 23.Bg3 h5 24.Qa4 b5 25.Qb3 Qf6 26.Qxb5 Rxe1 27.Rxe1 
h4 28.Re8+ Rxe8 29.Qxe8+ Kh7 30.Qe4+ Kg8 31.Qxh4 Qxb2 32.Qd8+ Kh7 33.Qd3+ 
Kg8 34.h3 Qxa2 35.Qc3 Qb1+ 36.Kh2 Qb6 37.Qf3 a5 38.Qe2 Qa7 39.Be5 a4 40.
Qg4 1-0